00550nam a22001457a 4500008004100000020001900041040005500060080002500115245014500140260004400285300001400329650002200343653001400365700002500379230331b |||||||| |||| 00| 0 eng d a 9789027709790 aNational Science LibrarycNational Science Library aD 682.324(082.2)bL9 aInterlinking of computer networks: c/ Proceedings of the NATO Advanced Study Institute held at Bonas, France, August 28 - September 8, 1978 aDordrecht, bD. Reidel Pub. Co., c1979 ax, 475p.  aComputer networks aComputers aBeauchamp, K G (Ed.)